| Tag |
First Indicator |
Second Indicator |
Subfields |
| LEADER |
00000cam a22000001i 4500 |
| 001 |
in00004095913 |
| 006 |
m |o d | |
| 007 |
cr |n||||||||| |
| 008 |
200227t20192019enk ob 001 0 eng d |
| 005 |
20250816192207.7 |
| 020 |
|
|
|a 0191884677 (electronic bk.)
|
| 020 |
|
|
|a 9780191884672 (electronic bk.)
|
| 020 |
|
|
|z 0198850204
|
| 020 |
|
|
|z 9780198850205
|
| 024 |
8 |
|
|a 99984067462
|
| 035 |
|
|
|a (NhCcYBP)ybp16413715
|
| 035 |
|
|
|a 5970332
|
| 040 |
|
|
|a NhCcYBP
|c NhCcYBP
|d UtOrBLW
|
| 050 |
|
4 |
|a B105.R4
|b W55 2019
|
| 082 |
0 |
4 |
|a 121.68
|2 23
|
| 100 |
1 |
|
|a Williams, J. R. G.,
|d 1978-
|e author.
|0 http://id.loc.gov/authorities/names/nr2003028368
|
| 245 |
1 |
4 |
|a The metaphysics of representation /
|c J. Robert G. Williams.
|
| 250 |
|
|
|a First edition.
|
| 264 |
|
1 |
|a Kettering Oxford :
|b Oxford University Press,
|c 2019.
|
| 264 |
|
4 |
|c ©2019
|
| 300 |
|
|
|a 1 online resource.
|
| 336 |
|
|
|a text
|b txt
|2 rdacontent
|
| 337 |
|
|
|a computer
|b c
|2 rdamedia
|
| 338 |
|
|
|a online resource
|b cr
|2 rdacarrier
|
| 500 |
|
|
|a Electronic resource.
|
| 504 |
|
|
|a Includes bibliographical references (pages 203-210) and index.
|
| 588 |
|
|
|a Description based on print version record.
|
| 650 |
|
0 |
|a Metaphysics.
|0 http://id.loc.gov/authorities/subjects/sh85084286
|
| 650 |
|
0 |
|a Ontology.
|0 http://id.loc.gov/authorities/subjects/sh85094833
|
| 650 |
|
0 |
|a Representation (Philosophy)
|0 http://id.loc.gov/authorities/subjects/sh85112936
|
| 655 |
|
7 |
|a Electronic books.
|2 local
|
| 710 |
2 |
|
|a UPSO (University Press Scholarship Online)
|
| 776 |
1 |
8 |
|c Original
|z 9780198850205
|z 0198850204
|
| 856 |
4 |
0 |
|u http://proxy.library.tamu.edu/login?url=https://dx.doi.org/10.1093/oso/9780198850205.001.0001
|z Connect to the full text of this electronic book
|t 0
|
| 955 |
|
|
|a YBP purchased firm e-records
|
| 980 |
|
|
|b 146.25
|g 1
|
| 999 |
f |
f |
|s 7341fb32-461b-336c-a481-bfc94d1aa6b8
|i 31f00b99-418a-34e7-84ca-578f0b2fbe43
|t 0
|
| 952 |
f |
f |
|a Texas A&M University
|b College Station
|c Electronic Resources
|d Available Online
|t 0
|e B105.R4 W55 2019
|h Library of Congress classification
|
| 998 |
f |
f |
|a B105.R4 W55 2019
|t 0
|l Available Online
|